|
|
|
|
| LEADER |
00000nab a2200000 a 4500 |
| 001 |
vtls000661328 |
| 003 |
SK-MaSNL |
| 005 |
20260303221055.0 |
| 008 |
140619c1998 xo 0 slo |
| 015 |
|
|
|a SNBRB1998/05-11832
|
| 035 |
|
|
|a CLN000013518
|
| 040 |
|
|
|a SNKBUCL
|b slo
|c SNKBUCL
|e AACR2
|
| 041 |
0 |
|
|a slo
|
| 044 |
|
|
|a xo
|c SK
|
| 080 |
|
|
|a 82.09:885.4-3(048)
|2 1997
|
| 080 |
|
|
|a 885.4-3(048)
|2 1997
|
| 100 |
1 |
|
|a Macsovszky, Peter,
|d 1966-
|4 aut
|9 99036
|
| 245 |
1 |
0 |
|a Nevhodné pre dinosaurov
|c Peter Macsovszky
|
| 650 |
0 |
7 |
|a vedecko-fantastické poviedky, slovenské
|x recenzie
|2 snkbucl
|9 14300
|
| 655 |
|
7 |
|a články z novín a časopisov
|2 snkbucl
|9 267496
|
| 773 |
0 |
|
|t OS
|g Č. 5 (1998), s. 92-93
|x 1335-2296
|
| 787 |
0 |
8 |
|i Rec.:
|a Hvorecký, Michal
|t Silný pocit čistoty
|d Levice : L.C.A, 1998
|
| 850 |
|
|
|a Slovenská národná knižnica v Martine
|
| 852 |
|
|
|a SNK
|b KIS3GCP
|
| 958 |
|
|
|a SK
|
| 958 |
|
|
|a LX
|
| 992 |
|
|
|a RBX
|
| 999 |
|
|
|c 2230413
|d 2232343
|